Les drapeaux avec du bleu - Mort Subite - Statistiques

Statistiques générales
  • Ce quiz a été pris 675 fois
    591 depuis la dernière actualisation
  • Le résultat moyen est 8 sur 11
Answers on the Grid
Answers color-coded by a green-red scale on the quiz's grid according to % correct below.
Australie
Nouvelle-Zélande
Israël
Norvège
Royaume-Uni
Malaisie
Russie
Slovénie
Fidji
Islande
Kenya
Portugal
Angola
Allemagne
Pérou
Ghana
Zimbabwe
Arabie Saoudite
Myanmar
Rwanda
 
Statistiques - réponses
Réponse % Correct
Royaume-Uni
91%
Russie
89%
Australie
88%
Israël
86%
Islande
83%
Slovénie
83%
Nouvelle-Zélande
82%
Norvège
74%
Fidji
70%
Malaisie
57%
Rwanda
41%
Aucun quiz correspondant
Distribution des résultats
% des personnes avec chaque résultat
Percentile par nombre de réponses
Votre historique - résultats
Vous n’avez pas pris ce quiz depuis la dernière actualisation